| 000 | 00516nam a2200157 4500 | ||
|---|---|---|---|
| 001 | 122530 | ||
| 003 | ES-MaACL | ||
| 007 | t| | ||
| 008 | 070214s1943 sp r ||||1| spa d | ||
| 100 | 1 |
_aPritchard, Eric. _993997 |
|
| 245 | 1 | 3 |
_aEl lactante _b: manual de terapéutica moderna / _cEric Pritchard ; traducido del inglés por el Prof. Dr. Enrique Jaso. |
| 260 |
_aMadrid : _bPegaso, _c1943. |
||
| 300 |
_a806 p., 6 lám. : _bil. ; _c24 cm. |
||
| 700 | 1 |
_aJaso, Enrique. _966152 |
|
| 852 |
_aES-MaACL _jE-385 _bR.19740 |
||
| 999 |
_c122530 _d122530 |
||